000 00304nam a22001337a 4500
008 210226b ||||| |||| 00| 0 eng d
020 _a9780861712717
041 _aeng
080 _22th
_a2
100 _a24
101 _aTEO
245 _aRelative Truth,Ultimate Truth
_cTsering,T.G
942 _2udc
_cBK
999 _c55277
_d55277